Các mạch điện và từ cơ sở kỹ thuật điện
में बचाया:
| मुख्य लेखक: | |
|---|---|
| स्वरूप: | पुस्तक |
| भाषा: | Undetermined |
| प्रकाशित: |
Hà Nội
KHKT
1982
|
| विषय: | |
| टैग : |
टैग जोड़ें
कोई टैग नहीं, इस रिकॉर्ड को टैग करने वाले पहले व्यक्ति बनें!
|
| Thư viện lưu trữ: | Trung tâm Học liệu Trường Đại học Cần Thơ |
|---|
| LEADER | 00535nam a2200181Ia 4500 | ||
|---|---|---|---|
| 001 | CTU_14129 | ||
| 008 | 210402s9999 xx 000 0 und d | ||
| 082 | |a 621.34 | ||
| 082 | |b G303 | ||
| 100 | |a I P Gierebsov | ||
| 245 | 0 | |a Các mạch điện và từ | |
| 245 | 0 | |b cơ sở kỹ thuật điện | |
| 245 | 0 | |c I P Gierebsov; Dịch giả: Nguyễn Duy Quế | |
| 260 | |a Hà Nội | ||
| 260 | |b KHKT | ||
| 260 | |c 1982 | ||
| 650 | |a electric circuits | ||
| 980 | |a Trung tâm Học liệu Trường Đại học Cần Thơ | ||